Name Every City With a Major North American Sports Team - Statistics

General Stats
  • This quiz has been taken 70 times
    69 since last reset
  • The average score is 35 of 49
Answer Stats
?/4 City % Correct
4 Los Angeles
94%
4 New York
94%
3 Dallas
92%
3 Houston
92%
3 Miami
90%
2 San Francisco
90%
3 Boston
87%
4 Chicago
86%
2 Cincinnati
86%
3 Atlanta
84%
4 Minneapolis
84%
3 Seattle
84%
3 Cleveland
83%
1 San Diego
83%
4 Denver
81%
4 Detroit
81%
1 San Antonio
81%
4 Washington
81%
2 Las Vegas
79%
4 Philadelphia
79%
1 Portland
79%
2 Kansas City
78%
3 Phoenix
76%
3 Toronto
76%
2 Indianapolis
75%
2 New Orleans
75%
1 San Jose
75%
2 Buffalo
73%
3 Pittsburgh
73%
3 Tampa Bay
73%
1 Vancouver
73%
2 Baltimore
71%
1 Oklahoma City
71%
1 Green Bay
70%
1 Salt Lake City
70%
1 Charlotte
68%
2 St. Louis
68%
1 Calgary
65%
1 Edmonton
65%
2 Nashville
65%
1 Ottawa
59%
1 Winnipeg
56%
1 Memphis
54%
1 Sacramento
52%
1 Oakland
49%
2 Anaheim
48%
1 Newark
33%
1 Brooklyn
29%
2 Carolina
13%
No matching quizzes found
Score Distribution
Percent of People with Each Score
Percentile by Number Answered
Your Score History
You have not taken this quiz since the last reset